| 000 | 00866nam a2200289Ia 4500 | ||
|---|---|---|---|
| 003 | OSt | ||
| 005 | 20220928112548.0 | ||
| 006 | a|||||r|||| 00| 0 | ||
| 007 | ta | ||
| 008 | 220927b |||||||| |||| 00| 0 eng d | ||
| 020 | _c2560.6837999999998 | ||
| 024 | _a104807 | ||
| 037 |
_b489, 14/01/2010, Pioneer Book Distributors _cTextual |
||
| 040 |
_aSDCL _cSDCL _beng |
||
| 041 |
_2eng _aeng |
||
| 082 | _aZ3,3, P8 | ||
| 100 |
_aBeale H G _9428791 |
||
| 245 | 0 |
_aContract _b Cases and materials. Ed.5 |
|
| 250 | _a5 | ||
| 260 |
_aOxford _bOxford University Press _c2008 |
||
| 300 |
_alix,269p _ccm. |
||
| 650 |
_aCommerce _9353036 |
||
| 700 |
_a Bishop W _9428792 |
||
| 700 |
_a Furmston M P _9428793 |
||
| 942 |
_hZ3,3, P8 _cTEXL _2CC |
||
| 999 |
_c745297 _d745297 |
||